Components and materials (Record no. 4646)

MARC details
000 -LEADER
fixed length control field 00572nam a2200157Ia 4500
003 - CONTROL NUMBER IDENTIFIER
control field IN-BaIIA
008 - FIXED-LENGTH DATA ELEMENTS--GENERAL INFORMATION
fixed length control field 211028s9999 xx 000 0 eng d
020 ## - INTERNATIONAL STANDARD BOOK NUMBER
International Standard Book Number 9399-261-06201
040 ## - CATALOGING SOURCE
Transcribing agency IIA Library
080 ## - UNIVERSAL DECIMAL CLASSIFICATION NUMBER
Universal Decimal Classification number (035)621.38
Item number PDH-68:1
110 ## - MAIN ENTRY--CORPORATE NAME
Corporate name or jurisdiction name as entry element Philips Data Handbook
9 (RLIN) 6503
245 #0 - TITLE STATEMENT
Title Components and materials
Remainder of title pt. 1, electron tubes, semiconductors and integrated circuits, circuit blocks : input/output device
Statement of responsibility, etc. Philips Data Handbook
260 ## - PUBLICATION, DISTRIBUTION, ETC.
Place of publication, distribution, etc. Netherlands, Philips Data Handbook
Name of publisher, distributor, etc. Philips Technical Library
Date of publication, distribution, etc. 1968
300 ## - PHYSICAL DESCRIPTION
Extent [various pagings.]
942 ## - ADDED ENTRY ELEMENTS (KOHA)
Koha item type Books
Holdings
Withdrawn status Lost status Damaged status Not for loan Home library Current library Shelving location Date acquired Total Checkouts Full call number Barcode Date last seen Price effective from Koha item type
        IIA Library-Bangalore IIA Library-Bangalore General Stacks     (035)621.38/ PDH-68:1 5181 05/11/2021   Books

Powered by Koha